000 00712nam a2200229 a 4500
999 _c12635
_d12635
001 12635
003 BD-JhCC
005 20221023125911.0
008 221023s20212022bg |||| |||| 000 0 ban d
020 _a9789845028400
035 _a(BD-JhCC)12635
040 _aBD-JhCC
_dBD-JhCC
041 _aBangla
082 _a891.443
_bALO 2022
100 _aআলম, শানজানা
245 _aজল মিশে যায় জলে /
_cশানজানা আলম
260 _aঢাকা :
_bঅন্যপ্রকাশ,
_c২০২২
300 _a২৮৭ পৃ. :
_c২২ সেমি.
650 _aবাংলা উপন্যাস
650 _aBangal Novel
942 _2ddc
_cBK